Limits on WIMP Dark Matter using Sapphire Cryogenic Detectors; Dark Matter 2002

Détails bibliographiques
Parent link:Dark Matter 2002.— 2002
Autres auteurs: Jochum J., Angloher G., Bucci C., Cooper S., Cozzini C., Stefano P. Di., Feilitzsch F. von, Frank T., Hauff D., Jagemann T., Keeling R., Kraus H., Loidl M., Meier O., Nagel U., Probst F., Ramachers Y., Rulofs A., Schnagl J., Seidel W., Sergeyev I., Sisti M., Stark M., Uchaykin S. V. Sergey Victorovich, Stodolsky L., Wulandari H.
Résumé:Title screen
Режим доступа: по договору с организацией-держателем ресурса
Langue:anglais
Publié: 2002
Sujets:
Accès en ligne:http://www.researchgate.net/publication/233960191_Limitson_WIMP_dark_matter_using_sapphire_cryogenic_detectors
Format: MixedMaterials Électronique Chapitre de livre
KOHA link:https://koha.lib.tpu.ru/cgi-bin/koha/opac-detail.pl?biblionumber=637177

MARC

LEADER 00000naa0a2200000 4500
001 637177
005 20250920110720.0
035 |a (RuTPU)RU\TPU\network\1274 
035 |a RU\TPU\network\1263 
090 |a 637177 
100 |a 20140602d2002 k||y0rusy50 ba 
101 0 |a eng 
102 |a US 
135 |a drcn ---uucaa 
181 0 |a i  
182 0 |a b 
200 1 |a Limits on WIMP Dark Matter using Sapphire Cryogenic Detectors  |f J. Jochum [et al.] 
203 |a Text  |c electronic 
300 |a Title screen 
333 |a Режим доступа: по договору с организацией-держателем ресурса 
463 1 |t Dark Matter 2002  |o proceeding of 5th International UCLA Symposium on Sources and Detection of Dark Matter and Dark Energy in the Universe, 20 - 22 Feb 2002, Marina del Rey, CA, USA  |d 2002 
610 1 |a электронный ресурс 
610 1 |a труды учёных ТПУ 
701 1 |a Jochum  |b J. 
701 1 |a Angloher  |b G. 
701 1 |a Bucci  |b C. 
701 1 |a Cooper  |b S. 
701 1 |a Cozzini  |b C. 
701 1 |a Stefano  |b P. Di. 
701 1 |a Feilitzsch  |b F. von 
701 1 |a Frank  |b T. 
701 1 |a Hauff  |b D. 
701 1 |a Jagemann  |b T. 
701 1 |a Keeling  |b R. 
701 1 |a Kraus  |b H. 
701 1 |a Loidl  |b M. 
701 1 |a Meier  |b O. 
701 1 |a Nagel  |b U. 
701 1 |a Probst  |b F. 
701 1 |a Ramachers  |b Y. 
701 1 |a Rulofs  |b A. 
701 1 |a Schnagl  |b J. 
701 1 |a Seidel  |b W. 
701 1 |a Sergeyev  |b I. 
701 1 |a Sisti  |b M. 
701 1 |a Stark  |b M. 
701 1 |a Uchaykin  |b S. V.  |c specialist in the field of non-destructive testing  |c Engineer of Tomsk Polytechnic University, Doctor of physical and mathematical sciences  |f 1963-  |g Sergey Victorovich  |3 (RuTPU)RU\TPU\pers\32279 
701 1 |a Stodolsky  |b L. 
701 1 |a Wulandari  |b H. 
801 2 |a RU  |b 63413507  |c 20140602  |g RCR 
856 4 |u http://www.researchgate.net/publication/233960191_Limitson_WIMP_dark_matter_using_sapphire_cryogenic_detectors 
942 |c CF